000 00588 a2200169 4500
005 20250408150646.0
020 _a978-0-07-304526-9
082 _a613.7 BAU
100 _aBAUMGARTNER, T. A.
245 _aMeasurement For Evaluation: In Physical Education and Exercise Science
250 _a8th Ed.
260 _aNew York,
_bMcGraw-Hill,
_c2007.
300 _axvi, 544p.: ill.; figure, graph, picture, table.
_bBibliographical references, index.
_c25cm.
700 _aJACKSON, A. S, MAHAR, M. T. & ROWE, D. A.
856 _yAccess online book
_fMeasurement
_dwww.mhhe.com
942 _2ddc
_cBKS
999 _c1222
_d1222